[Event "ODJM B 2014"]
[Site "Magdeburg GER"]
[Date "2014.06.12"]
[Round "7"]
[White "Jäger, Gustav"]
[Black "Schott, Jan"]
[Result "1-0"]
[Termination "normal"]
[Board "27"]
[WhiteElo "1152"]
[BlackElo "855"]
[PlyCount "51"]
[WhiteFideId "12957364"]
[EventCountry "GER"]
[EventRounds "9"]
[EventType "swiss"]
[EventDate "2014.06.07"]

1. e4 e5 2. Nf3 Nc6 3. Bc4 Bc5 4. d3 Nf6 5. Nc3 d6 6. h3 Be6 7. Bb3 O-O 8. Be3
Bxe3 9. fxe3 Re8 10. O-O d5 11. Ba4 d4 12. Bxc6 bxc6 13. exd4 exd4 14. Ne2 c5
15. a3 c4 16. Nexd4 cxd3 17. Qxd3 c5 18. Nb5 Qb6 19. Nc3 c4+ 20. Qd4 Qxb2 21.
Rfb1 Red8 22. Qxd8+ Rxd8 23. Rxb2 h6 24. Rab1 Nd7 25. Nd4 Re8 26. Rb7 1-0

[Event "ODJM B 2014"]
[Site "Magdeburg GER"]
[Date "2014.06.12"]
[Round "7"]
[White "Gan, Maxwell"]
[Black "Franz, Franz Theodor"]
[Result "1-0"]
[Termination "normal"]
[Board "28"]
[WhiteElo "1109"]
[BlackElo "1048"]
[PlyCount "129"]
[WhiteFideId "16210581"]
[BlackFideId "12992674"]
[EventCountry "GER"]
[EventRounds "9"]
[EventType "swiss"]
[EventDate "2014.06.07"]

1. d4 Nf6 2. Bf4 g6 3. e3 Bg7 4. Nf3 d5 5. Be2 Nbd7 6. O-O e6 7. Nc3 O-O 8. Nb5
c6 9. Bc7 Qe8 10. Bd6 cxb5 11. Bxf8 Qxf8 12. Bxb5 a6 13. Bd3 Qe7 14. c3 e5 15.
dxe5 Nxe5 16. Nxe5 Qxe5 17. Re1 Bd7 18. f4 Qc7 19. Rc1 b5 20. b3 Be6 21. Qc2
Rc8 22. Re2 Qc6 23. f5 Bd7 24. fxg6 hxg6 25. c4 b4 26. Rf2 Ne8 27. Rcf1 Be6 28.
Bxg6 Rc7 29. Bh7+ Kf8 30. Qg6 f6 31. h4 Bf7 32. Qf5 Bh6 33. Rf3 Bg7 34. h5 Nd6
35. Qh3 Ne4 36. Bxe4 dxe4 37. Rf5 Be6 38. h6 Bxf5 39. hxg7+ Kxg7 40. Qxf5 Rf7
41. Rf4 Re7 42. Rg4+ Kf7 43. Qg6+ Ke6 44. Qxe4+ Kd7 45. Qxc6+ Kxc6 46. Kf2 Kd6
47. Rd4+ Kc6 48. Kf3 Re5 49. Re4 Kd6 50. Rxe5 Kxe5 51. g4 Ke6 52. Ke4 a5 53.
Kd4 Kd6 54. e4 Kc6 55. e5 fxe5+ 56. Kxe5 Kd7 57. Kf6 Kd6 58. g5 Kc5 59. g6 Kd4
60. g7 Kc3 61. g8=Q Kb2 62. Qg2+ Ka3 63. Qc2 a4 64. bxa4 b3 65. Qxb3# 1-0

[Event "ODJM B 2014"]
[Site "Magdeburg GER"]
[Date "2014.06.12"]
[Round "7"]
[White "Schneider, Edward"]
[Black "Katholy, Joshua"]
[Result "0-1"]
[Termination "normal"]
[Board "29"]
[WhiteElo "1078"]
[BlackElo "1104"]
[PlyCount "68"]
[WhiteFideId "16200870"]
[BlackFideId "12990647"]
[EventCountry "GER"]
[EventRounds "9"]
[EventType "swiss"]
[EventDate "2014.06.07"]

1. e4 e5 2. Nf3 Nc6 3. d4 d5 4. Bb5 dxe4 5. Nxe5 a6 6. Bxc6+ bxc6 7. O-O Bb7 8.
Re1 c5 9. c3 Nf6 10. Bg5 Be7 11. Qb3 O-O 12. Qxb7 Rb8 13. Qxa6 Rxb2 14. Qa3 Rb6
15. dxc5 Rb5 16. Qc1 Rxc5 17. Bxf6 Bxf6 18. Rd1 Qe7 19. Nd7 Bg5 20. Qa3 Rd8 21.
h3 Rc6 22. f4 Qxa3 23. Nxa3 Be7 24. Ne5 Rxc3 25. Rxd8+ Bxd8 26. Nb5 Rc2 27. a4
c6 28. Nd6 Bb6+ 29. Kh2 f6 30. Ndc4 Bd4 31. Nxc6 Bxa1 32. a5 Rxc4 33. a6 Rxc6
34. a7 Rc8 0-1

[Event "ODJM B 2014"]
[Site "Magdeburg GER"]
[Date "2014.06.12"]
[Round "7"]
[White "Currenti, Alessandro"]
[Black "Scherping, Stephan"]
[Result "0-1"]
[Termination "normal"]
[Board "30"]
[WhiteElo "903"]
[BlackElo "1094"]
[PlyCount "94"]
[WhiteFideId "12998907"]
[EventCountry "GER"]
[EventRounds "9"]
[EventType "swiss"]
[EventDate "2014.06.07"]

1. e4 e5 2. Nf3 Nc6 3. Bc4 Bc5 4. d3 d6 5. Nc3 Bg4 6. h3 Bh5 7. g4 Bg6 8. Bg5
Qd7 9. Qd2 Nd4 10. Nxd4 Bxd4 11. O-O-O f6 12. Be3 Bxe3 13. Qxe3 a6 14. Bd5
O-O-O 15. Qa7 c6 16. Bxc6 Qxc6 17. Nd5 Bf7 18. Nb6+ Kc7 19. d4 Qxb6 20. Qxb6+
Kxb6 21. dxe5 fxe5 22. Rd2 Nf6 23. f3 d5 24. Rhd1 Kc7 25. g5 Nh5 26. exd5 Kd6
27. Kb1 Nf4 28. c4 Nxh3 29. Rc2 Bg6 30. c5+ Kc7 31. d6+ Kc6 32. Rdc1 Bxc2+ 33.
Rxc2 Nxg5 34. Rc3 h5 35. Rb3 h4 36. Rb6+ Kxc5 37. Rxb7 Rxd6 38. b4+ Kc6 39.
Rxg7 Nxf3 40. Ra7 Kb6 41. Rf7 Nd4 42. a4 a5 43. b5 h3 44. Rf2 h2 45. Rxh2 Rxh2
46. Ka1 Nb3+ 47. Kb1 Rd1# 0-1

[Event "ODJM B 2014"]
[Site "Magdeburg GER"]
[Date "2014.06.12"]
[Round "7"]
[White "Maar, Patricia"]
[Black "Meinschien, Nick"]
[Result "1-0"]
[Termination "normal"]
[Board "31"]
[WhiteElo "1093"]
[BlackElo "996"]
[PlyCount "111"]
[WhiteFideId "12952630"]
[BlackFideId "12989673"]
[EventCountry "GER"]
[EventRounds "9"]
[EventType "swiss"]
[EventDate "2014.06.07"]

1. e4 e5 2. Nf3 Nc6 3. Bc4 Bc5 4. d3 d6 5. Ng5 Nh6 6. O-O O-O 7. Be3 Bxe3 8.
Nxf7 Nxf7 9. fxe3 Qd7 10. Qh5 Na5 11. Rxf7 Rxf7 12. Bxf7+ Qxf7 13. Qg5 h6 14.
Qd8+ Kh7 15. Nc3 g5 16. Rf1 Qg7 17. Qe8 Be6 18. Qxa8 a6 19. b4 Nc6 20. Qxb7 Nd8
21. Qxa6 c6 22. b5 cxb5 23. Qxd6 Qd7 24. Qxe5 Nf7 25. Qc5 Qe8 26. Nxb5 Bxa2 27.
Nd6 Nxd6 28. Qxd6 g4 29. Qc7+ Kh8 30. Qc3+ Kh7 31. Qc7+ Kh8 32. Qf4 Kh7 33.
Qxg4 Qd8 34. Ra1 Bf7 35. Ra7 Qe8 36. Qf5+ Kg8 37. Rxf7 Qxf7 38. Qxf7+ Kxf7 39.
Kf2 Ke6 40. d4 Kd6 41. c4 h5 42. Kg3 Ke6 43. Kh4 Kd6 44. Kxh5 Ke6 45. g4 Kd6
46. g5 Ke6 47. g6 Kf6 48. Kh6 Ke7 49. g7 Kd6 50. g8=Q Kc6 51. Qd5+ Kc7 52. c5
Kc8 53. Qf7 Kb8 54. c6 Kc8 55. Qd7+ Kb8 56. Qb7# 1-0

[Event "ODJM B 2014"]
[Site "Magdeburg GER"]
[Date "2014.06.12"]
[Round "7"]
[White "Kung, Fanny"]
[Black "Böse, Christina"]
[Result "0-1"]
[Termination "normal"]
[Board "33"]
[WhiteElo "1118"]
[BlackElo "1356"]
[PlyCount "74"]
[WhiteFideId "12987689"]
[BlackFideId "12929654"]
[EventCountry "GER"]
[EventRounds "9"]
[EventType "swiss"]
[EventDate "2014.06.07"]

1. e4 c6 2. d4 d5 3. e5 Bf5 4. Bd3 Bxd3 5. Qxd3 e6 6. Nf3 Nd7 7. O-O Ne7 8. Bg5
Qb6 9. b3 Nf5 10. c3 c5 11. Nbd2 Rc8 12. Rac1 h6 13. Bf4 Be7 14. c4 Qc6 15. Qc3
O-O 16. dxc5 Nxc5 17. Rfd1 Rfd8 18. Nf1 Rd7 19. Ne3 Nxe3 20. Bxe3 Rcd8 21. Rd2
Ne4 22. Nd4 Qa6 23. Qd3 Nxd2 24. Qxd2 Bc5 25. Nb5 Bxe3 26. Qxe3 dxc4 27. Qe2
Qxb5 28. h3 Rd2 29. Qe1 cxb3 30. axb3 Qxb3 31. Kh2 Rd1 32. Rxd1 Qxd1 33. Qa5
Qd4 34. f4 Qxf4+ 35. g3 Qf2+ 36. Kh1 Rd1+ 37. Qe1 Rxe1# 0-1

[Event "ODJM B 2014"]
[Site "Magdeburg GER"]
[Date "2014.06.12"]
[Round "7"]
[White "Schneider, Anna"]
[Black "Röhr, Oliver"]
[Result "0-1"]
[Termination "normal"]
[Board "34"]
[WhiteElo "734"]
[BlackElo "1245"]
[PlyCount "76"]
[WhiteFideId "16200527"]
[BlackFideId "12987697"]
[EventCountry "GER"]
[EventRounds "9"]
[EventType "swiss"]
[EventDate "2014.06.07"]

1. e4 c5 2. Nf3 Nc6 3. Nc3 e5 4. Bb5 d6 5. d3 a6 6. Ba4 Bd7 7. Bb3 Be7 8. O-O
Nd4 9. h3 Nf6 10. a3 O-O 11. Nxd4 cxd4 12. Na2 a5 13. Bg5 h6 14. Bh4 Nh7 15.
Bxe7 Qxe7 16. c3 Qg5 17. Kh2 Nf6 18. Qc1 Qg6 19. cxd4 a4 20. Bd1 exd4 21. Nb4
Nh5 22. Nd5 Rfe8 23. Nc7 Rac8 24. g4 Nf6 25. f3 Kh8 26. Rf2 Bb5 27. Rc2 Bxd3
28. Nxe8 Bxc2 29. Bxc2 Nxe8 30. Qd1 d5 31. Rc1 Qd6+ 32. Kg2 Qf4 33. Rb1 Nf6 34.
exd5 Nxd5 35. Bf5 Ne3+ 36. Kf2 Nxd1+ 37. Rxd1 Re8 38. Rc1 Qxc1 0-1

[Event "ODJM B 2014"]
[Site "Magdeburg GER"]
[Date "2014.06.12"]
[Round "7"]
[White "Friedrich, Laura"]
[Black "Groskurt, Benjamin"]
[Result "0-1"]
[Termination "normal"]
[Board "35"]
[WhiteElo "1036"]
[BlackElo "1141"]
[PlyCount "66"]
[WhiteFideId "12952249"]
[EventCountry "GER"]
[EventRounds "9"]
[EventType "swiss"]
[EventDate "2014.06.07"]

1. e4 e6 2. d4 d5 3. exd5 exd5 4. Bd3 Nc6 5. Be3 Bd6 6. Nc3 Nge7 7. Nge2 Be6 8.
O-O a6 9. a4 Nb4 10. Qd2 Nxd3 11. Qxd3 Bf5 12. Qd2 Qd7 13. Ng3 O-O-O 14. Bg5 f6
15. Be3 g5 16. Nh5 Qe6 17. Rfe1 Qf7 18. Ng3 h5 19. Nxf5 Nxf5 20. Qd3 Ne7 21.
Rad1 Ng6 22. Qf5+ Kb8 23. Bxg5 Rdf8 24. Be3 Nh4 25. g3 Nxf5 26. Rd3 Rfg8 27.
Kf1 h4 28. Ke2 hxg3 29. fxg3 Rxh2+ 30. Kd1 Nxe3+ 31. Rdxe3 Qh5+ 32. R1e2 Bxg3
33. Kd2 Bf4 0-1

[Event "ODJM B 2014"]
[Site "Magdeburg GER"]
[Date "2014.06.12"]
[Round "7"]
[White "Höglauer, Jenny"]
[Black "Reyher, Bastian"]
[Result "1/2-1/2"]
[Termination "normal"]
[Board "36"]
[WhiteElo "1141"]
[BlackElo "1059"]
[PlyCount "112"]
[WhiteFideId "12982598"]
[BlackFideId "12927465"]
[EventCountry "GER"]
[EventRounds "9"]
[EventType "swiss"]
[EventDate "2014.06.07"]

1. e4 e5 2. Nf3 Nc6 3. Bb5 Nf6 4. d3 Bb4+ 5. c3 Ba5 6. Bxc6 dxc6 7. Nxe5 Qe7 8.
Nc4 Bb6 9. O-O Be6 10. Ncd2 O-O-O 11. d4 Bg4 12. f3 Bh5 13. Nb3 c5 14. Qd3 Qd6
15. e5 Bg6 16. exd6 Bxd3 17. dxc7 Bxc7 18. Rd1 c4 19. Nc5 Bc2 20. Rd2 Bxb1 21.
Rxb1 Rhe8 22. Rd1 h6 23. b3 Nd5 24. Rf1 Nxc3 25. Rb2 Ne2+ 26. Kf2 Nxd4 27. bxc4
Re2+ 28. Rxe2 Nxe2 29. Kxe2 Re8+ 30. Kd3 Rd8+ 31. Kc3 Be5+ 32. Kb3 b6 33. Ne4
Rd3+ 34. Kc2 Rd4 35. Nd2 Bxh2 36. Bb2 Rd6 37. Bxg7 Bf4 38. Ne4 Rc6 39. Kb3 Rg6
40. g3 f5 41. gxf4 fxe4 42. Bc3 e3 43. f5 e2 44. Re1 Rg2 45. f6 Rf2 46. f7 Rxf3
47. Rxe2 Rxf7 48. Re5 Rf3 49. Rh5 a6 50. Rxh6 Kb7 51. Kb4 a5+ 52. Ka4 Rxc3 53.
Rh4 Ka6 54. a3 Kb7 55. Rh7+ Ka6 56. Rh4 Kb7 1/2-1/2

[Event "ODJM B 2014"]
[Site "Magdeburg GER"]
[Date "2014.06.12"]
[Round "7"]
[White "Lohrmann, Linus"]
[Black "Schulze, Lukas"]
[Result "0-1"]
[Termination "normal"]
[Board "37"]
[WhiteElo "978"]
[BlackElo "1243"]
[PlyCount "154"]
[WhiteFideId "12982857"]
[BlackFideId "12956856"]
[EventCountry "GER"]
[EventRounds "9"]
[EventType "swiss"]
[EventDate "2014.06.07"]

1. e4 c5 2. Nf3 Nc6 3. Bc4 Nf6 4. Nc3 g6 5. Ng5 e6 6. Qf3 Nd4 7. Qd3 d5 8. exd5
exd5 9. Bb5+ Bd7 10. a4 Bxb5 11. axb5 Qe7+ 12. Ne2 Bg7 13. O-O Nxe2+ 14. Kh1
Nxc1 15. Rfxc1 O-O 16. Re1 Qd8 17. Ra4 h5 18. Qb3 Ng4 19. Nh3 Qf6 20. Rf1 c4
21. Qb4 a5 22. bxa6 Rxa6 23. Rxa6 Qxa6 24. c3 d4 25. cxd4 c3 26. Rd1 Qe2 27.
Rg1 Qxf2 28. Qxc3 Bxd4 29. Qg3 Qxg3 30. hxg3 Bxg1 31. Nxg1 Nf2+ 32. Kh2 Rd8 33.
Nf3 Rc8 34. Nd4 Ng4+ 35. Kh3 Ne5 36. Kh2 Kg7 37. Kh3 Kf6 38. Nb5 Rc2 39. Kh4
Rxb2 40. Nc3 Rxd2 41. Ne4+ Ke6 42. Nxd2 Kd5 43. Kg5 b5 44. Kf4 Nc4 45. Nb3 Na3
46. Ke3 Kc4 47. Nd2+ Kc3 48. Ne4+ Kc2 49. Kd4 b4 50. Nc5 g5 51. Kd5 Kc3 52.
Na4+ Kb3 53. Nc5+ Kc2 54. Kd4 Nb5+ 55. Kc4 Nd6+ 56. Kxb4 Kd2 57. Nd7 Ke2 58.
Ne5 f6 59. Nf3 Kf2 60. Kc5 Kxg2 61. Kxd6 Kxf3 62. Ke6 Kxg3 63. Kxf6 h4 64. Kxg5
h3 65. Kf5 h2 66. Ke4 h1=Q+ 67. Kd3 Qd5+ 68. Ke3 Qc4 69. Kd2 Kf4 70. Ke1 Ke3
71. Kd1 Qe2+ 72. Kc1 Kd3 73. Kb1 Kc3 74. Kc1 Qd2+ 75. Kb1 Qd1+ 76. Ka2 Qb3+ 77.
Ka1 Qb2# 0-1

[Event "ODJM B 2014"]
[Site "Magdeburg GER"]
[Date "2014.06.12"]
[Round "7"]
[White "Norf, Lasse"]
[Black "Rößl, Mira"]
[Result "1-0"]
[Termination "normal"]
[Board "38"]
[WhiteElo "923"]
[BlackElo "725"]
[PlyCount "57"]
[EventCountry "GER"]
[EventRounds "9"]
[EventType "swiss"]
[EventDate "2014.06.07"]

1. e4 e5 2. Nf3 Nc6 3. Bc4 Nf6 4. d3 Bc5 5. Nc3 d6 6. Bg5 Bg4 7. h3 Bxf3 8.
gxf3 O-O 9. Qd2 Nd4 10. Qd1 Bb4 11. a3 Bxc3+ 12. bxc3 Ne6 13. Bxe6 fxe6 14. Qd2
d5 15. O-O-O Qd6 16. Kb2 Rab8 17. Ka2 c5 18. Rb1 a5 19. Rhg1 b5 20. Bh6 Nh5 21.
Qg5 Rf7 22. Qxh5 b4 23. c4 dxc4 24. dxc4 Qd2 25. Bxd2 g6 26. Qxe5 Rd8 27. Be3
Rxf3 28. Qxe6+ Kf8 29. Bh6# 1-0